000 01410cam a2200325 a 4500
001 15067783
005 20090828071457.0
008 071102s2008 nyu |rb 001 0 eng
010 _a 2007045439
020 _a9780230605923
020 _a0230605923
035 _a(OCoLC)ocn181424056
035 _a(OCoLC)181424056
040 _aDLC
_cDLC
_dDLC
050 0 0 _aHT1031
_b.P68 2008
082 0 0 _a306.362
_222
_bPOW
100 1 _aPowell, Jim,
_d1944-
_916141
245 1 0 _aGreatest Emancipations :
_bhow the West abolished slavery /
_cJim Powell
260 _aNew York :
_bPalgrave Macmillan, 2008
_c2008.
300 _a284 p. ;
_c25 cm.
504 _aIncludes bibliographical references (p. 271-280) and index.
650 0 _aSlaves
_xEmancipation.
_916142
650 0 _aSlavery.
_916143
856 4 1 _3Table of contents only
_uhttp://www.loc.gov/catdir/toc/ecip084/2007045439.html
856 4 2 _3Contributor biographical information
_uhttp://www.loc.gov/catdir/enhancements/fy0805/2007045439-b.html
856 4 2 _3Publisher description
_uhttp://www.loc.gov/catdir/enhancements/fy0805/2007045439-d.html
942 _2ddc
_cBB
999 _c14454
_d14454